000 00482nam a2200193 a 4500
001 1756898384805
003 ACL
005 20250903170526.0
008 250903s1987##################000#0#eng##
020 _a9780521337830
082 0 4 _a780.924
_bDAH
100 1 _aDahlhaus, Carl,
_eauthor.
245 1 0 _aSchoenberg and the New Music :
260 _bCambridge University Press,
_c1987.
300 _a320 pages
650 0 _aMusic.
942 _cENGLISH
040 _aACL
_beng
_cACL
999 _c585250
_d585250